000 00242nam a22000857a 4500
008 161202b xxu||||| |||| 00| 0 eng d
100 _91735
_aGhai,T.C
245 _aOpen Windows A Course in English : Work Book-6
260 _aNew Delhi
_bPencraft
_c2006
999 _c4444
_d4444